| 000 | 00445nam a22001457a 4500 | ||
|---|---|---|---|
| 020 | _a0072455845 | ||
| 082 |
_222 _a650.13 |
||
| 100 | _aNickels, william G ... [et al]. | ||
| 245 | _aStudent Assessment and learning guide for use with understanding business / | ||
| 250 | _a6th | ||
| 260 |
_bMC Graw-Hill Higher Education , _cc 2002. |
||
| 300 |
_a27, p, ; _bNA _c24 cm. |
||
| 700 | _a Mc Flugh, James M and Mchuf=gh, Susan M. | ||
| 942 |
_2ddc _cMAG |
||
| 999 |
_c4194 _d4194 |
||